000
00296nam a2200109Ia 4500
008
220204s9999 xx 000 0 und d
082
_a
165.63
_b
JHA
100
_a
Akhileshwar Jha
245
0
_a
Intellectuals at the crossroads: The Indian situation
260
_a
New Delhi
_b
Vikas
_c
1977
942
_c
BK
999
_c
24920
_d
24920